| 000 | 00492nam a2200169Ia 4500 | ||
|---|---|---|---|
| 999 |
_c35320 _d35320 |
||
| 003 | OSt | ||
| 005 | 20201216105824.0 | ||
| 008 | 190216s9999||||xx |||||||||||||| ||und|| | ||
| 040 | _coclc | ||
| 082 |
_a910.09154 _bLEO/T |
||
| 100 |
_aLeopold, A Starker _97565 |
||
| 245 | 4 |
_aThe Desert / _cA Starker Leopold |
|
| 260 |
_bTime Life International, _c1972. _aNederland: |
||
| 300 | _a187p | ||
| 650 | _aThe Desert | ||
| 942 |
_cREF _2ddc _h910.09154 _iLEO/T _k910.09154 _mLEO/T |
||